|
|
|
|
| LEADER |
02548ndm 2200565 i 4500 |
| 001 |
mzk03001281765 |
| 005 |
20230728134027.0 |
| 008 |
230725q17811820xr mue f ||| lat d |
| 040 |
|
|
|a BOA001
|b cze
|e rda
|
| 043 |
|
|
|a e-xr---
|b e-xr-cc
|2 czenas
|
| 047 |
|
|
|a cc
|a ms
|
| 048 |
|
|
|a ke01
|
| 048 |
|
|
|a vn01
|
| 072 |
|
7 |
|a 783
|x Církevní hudba. Duchovní hudba. Náboženská hudba
|2 czenas
|9 [9]
|
| 080 |
|
|
|a 783.21
|2 MRF
|
| 080 |
|
|
|a 783.23
|2 MRF
|
| 080 |
|
|
|a 78.087
|2 MRF
|
| 080 |
|
|
|a (0.032)78
|2 MRF
|
| 245 |
0 |
1 |
|a [Missae chorales :
|b Organum]
|
| 264 |
|
0 |
|a [Moravská Třebová?],
|c [mezi 1781? a 1820?]
|
| 300 |
|
|
|a 4 nečíslované strany, 344 stran, 2 nečíslované strany ;
|c 33,5 x 22 cm
|
| 336 |
|
|
|a zápis hudby
|b ntm
|2 rdacontent
|
| 337 |
|
|
|a bez média
|b n
|2 rdamedia
|
| 338 |
|
|
|a svazek
|b nc
|2 rdacarrier
|
| 382 |
|
|
|a varhany
|n 1
|s 1
|
| 382 |
|
|
|a varhany
|v číslovaný bas
|n 1
|s 1
|
| 382 |
|
|
|a hlas
|n 1
|s 1
|
| 500 |
|
|
|a Varhanní hlas ze souboru hlasů uloženého pod signaturami M-0000.010 (Organo) a M-0000.011 (Chorus II.)
|
| 500 |
|
|
|a Obsahuje árie, mše, ofertoria a duety
|
| 500 |
|
|
|a Převažuje samotný varhanní part; některé skladby zaznamenány včetně zpěvního hlasu
|
| 500 |
|
|
|a Vyříznuty strany 225-238 (prázdné)
|
| 500 |
|
|
|a Mezi strany 318 a 319 vložen lístek s doplňkem
|
| 500 |
|
|
|a Notace: moderní
|
| 500 |
|
|
|a Na druhém (nečíslovaném) listu obsah
|
| 500 |
|
|
|a Stará signatura (uvedená na hřbetu): U 11
|
| 500 |
|
|
|a Název a datace doplněny podle V. Dokoupila
|
| 510 |
4 |
|
|a Dokoupil, V. Soupis rukopisů z knihovny minoritů v Brně, františkánů v Moravské Třebové a premonstrátů v Nové Říši,
|c s. 73
|
| 563 |
|
|
|a Polokožená vazba, lepenkové desky potažené barevným papírem, usňové nárožnice, na přední desce štítek s nápisem: Organo, na hřbetě nalepený papírový štítek s původní signaturou, červeně stříkaná ořízka
|
| 655 |
|
7 |
|a mše (hudba)
|7 fd979826
|2 czenas
|
| 655 |
|
7 |
|a ofertoria
|7 fd1024828
|2 czenas
|
| 655 |
|
7 |
|a hlasy
|7 fd186703
|2 czenas
|
| 655 |
|
7 |
|a hudební rukopisy
|7 fd278469
|2 czenas
|
| 710 |
2 |
|
|a Klášter františkánů (Moravská Třebová, Česko)
|7 mzk2006341028
|4 own
|
| 910 |
|
|
|a SVE950
|b MT-0000.010
|
| 982 |
2 |
|
|a Klášter františkánů (Moravská Třebová, Česko)
|7 mzk2006341028
|
| 985 |
|
|
|a 1751-1800
|
| 985 |
|
|
|a 1801-1850
|
| 990 |
|
|
|a MU
|
| 991 |
|
|
|k trebova
|
| 996 |
6 |
|
|b 4641000010
|c MT-0000.010
|l stud. ST
|r Sklad / do násl. otevíracího dne
|n 0
|w 001937161
|u 000010
|a 1
|e BOA001
|s P
|